000
00305nam a2200133Ia 4500
008
150301s2004 xx 000 0 und d
082
_a
641.3
_b
IGO
100
_a
IGOE, R.S.
245
_a
DICTIONARY OF FOOD INGREDIENTS
250
_a
3RD
260
_b
CBS- DELHI.
_c
2004
300
_a
200
942
_2
ddc
_c
BK
999
_c
7015
_d
7015